Hekimsiz tıp tıpsız işçi sağlığı (Record no. 6525)

MARC details
000 -BAŞLIK
Sabit Uzunlukta Kontrol Alanı 00652na a2200229 4500
001 - KONTROL NUMARASI
Denetim Alanı 19781
003 - KONTROL NUMARASI IDENTIFIER
Denetim Alanı MIRAKIL
005 - SON İŞLEM TARİHİ VE ZAMANI
Denetim Alanı 20181213155110.0
008 - SABİT-BOY VERİ ELEMANLARI - GENEL BİLGİLER
Sabit Uzunlukta Kontrol Alanı 161227b tu 000 0
020 ## - ULUSLARARASI STANDART KİTAP NUMARASI
Uluslararası Standart Kitap Numarası 9786055867454
040 ## - KATALOGLAMA KAYNAK
Orijinal Kataloglama Ajansı Milas
Kataloglama Dili tur
Metne Dönüştürmek Ajansı TR-AnCHP
041 ## - DİL KODU
Metin / Ses Parça Veya Ayrı Başlığın Dil Kodu tur
082 ## - DEWEY ONLU SINIFLANDIRMA NUMARASI
Sınıflandırma Numarası 363.117
Ürün Numarası B27h 2011
090 ## - SINIFLAMA NUMARASI
Sınıflama Numarası 363.117 B27h 2011
100 ## - ANA GİRİŞ - KİŞİSEL İSİM
Kişisel Ad Başçıl, Haluk Seçkin
245 ## - BAŞLIK TABLOSU
Başlık Hekimsiz tıp tıpsız işçi sağlığı
Sorumluluk Tablosu, Vb Haluk Seçkin Başçıl
260 ## - YAYIN, DAĞITIM, VB
Yayın, Dağıtım, Vb Yeri Ankara
Yayıncı, Dağıtıcı, Vs Adı Tabib Odası Yayınları
Yayın, Dağıtım, Vb Tarihi 2011
300 ## - FİZİKSEL TANIM
Kapsam 137 s.
Boyutlar 20 sm.
504 ## - KAYNAKÇA VB NOT
Kaynakça Vb Notu Kaynakça var.
650 ## - KONU KATMA GİRİŞ - TOPİKAL DÖNEM
Topikal Süreli Veya Coğrafi Ad Giriş Elemanı Sağlık hizmetleri
Genel Alt Bölümü İşçi sağlığı
942 ## - EKLENDİ GİRİŞ ELEMANLARI (KOHA)
Sınıflandırma Veya Raf Düzeni Kaynak Dewey Decimal Classification
Koha Öğesi Türü Books
999 ## - SİSTEM KONTROL NUMARALARI (KOHA)
Koha Biblionumber 6525
Koha Biblioitemnumber 6525
Holdings
Kalıcı Konum Mevcut Konum Edinme Tarihi Edinim Kaynak Toplam Check-Out'Lar Tam Çağrı Numarası Barkod Tarih Son Görülme İtibaren Geçerli Fiyatlar Koha Öğesi Türü
CHP Kütüphanesi CHP Kütüphanesi 12/27/2016 Bağış   363.117 B27h 2011 010307 12/27/2016 12/27/2016 Books